000 00542nam a2200229Ia 4500
008 210210b2012 xxu||||| |||| 00| 0 eng d
041 _aeng
082 _a658.8 MULM
100 _aMULIYIL (Hemachandra)
245 _aMarketing management: BBM VI sem paper II
260 _aMangalore
_bUnited publishers
_c2012
300 _aviii,335
650 _aVI
650 _asem
650 _apaper
650 _aMarketing
650 _amanagement:
650 _aII
650 _aBBM
690 _aMarketing Management
906 _a067448
999 _c150234
_d150234